| 000 | 00636nam a22002057a 4500 | ||
|---|---|---|---|
| 005 | 20161205172105.0 | ||
| 010 | _aENG-116744 | ||
| 020 |
_a9788184845563 _c2380.00 |
||
| 035 | _aEN-100276 | ||
| 037 | _bDBAD/PUB | ||
| 082 | _a344.54014 | ||
| 100 | _aGupta, Meenakshi | ||
| 245 |
_aWomen rights under laws / _cby Meenakshi Gupta |
||
| 260 |
_aNew Delhi _bRegal Publications _c2016 |
||
| 270 |
_aF-159 Rajouri Garden _bNew Delhi _e110027 |
||
| 300 |
_axiii,509p. : _c23cm(Hb) _bill |
||
| 500 | _aIncludes bibliographical references and index | ||
| 700 | _aGupta, Meenakshi | ||
| 942 |
_2ddc _cEN _h344.54014 _mGUP |
||
| 999 |
_c104957 _d104957 |
||